000 00288nam a2200121Ia 4500
008 230303s9999 xx 000 0 und d
041 _aeng
082 _a005.133 GRA
100 _aGRACE (RICH) PARKER (TIM)
245 _aLinux to go
260 _aNEW YORK
_bADDISON WileyH
365 _cRS
999 _c177181
_d177181